Farming for the future : an introduction to low-external-input and sustainable agriculture

Bibliographic Details
Main Author: REIJNTJES
Other Authors: Haverkort, Waters-Bayer
Format: Book
Published: London : Macmillan Press , 1992
Subjects:

MARC

LEADER 00000cam a2200000 7i4500
001 0000001803
005 20011207.0
020 0 0 |a 0333570111 
090 0 0 |a 338.1   |b REI 1992 
100 1 0 |a REIJNTJES   |h Coen 
245 1 0 |a Farming for the future :   |b an introduction to low-external-input and sustainable agriculture   |c Coen Reijntjes, Bertus Haverkort and Ann Waters-Bayer 
260 0 0 |a London :   |b Macmillan Press ,   |c 1992 
300 |a xxi, 250 p. :   |b ill. ;   |c 25 cm. 
500 0 0 |a Includes bibliography : (p. 236 - 246) and index 
650 0 0 |a Sustainable agriculture 
700 0 1 |a Haverkort   |h Bertus 
700 0 1 |a Waters-Bayer   |h Ann 
998 |a JPSM 
999 |a 0000002825   |b Monograph   |c Open Shelf   |e Default branch